MARC

LEADER 00000nam0a2200000 4500
001 248169
005 20231101232349.0
010 |a 5120001726 
035 |a (RuTPU)RU\TPU\book\269874 
090 |a 248169 
100 |a 20140118d1988 k y0rusy50 ca 
101 0 |a rus 
102 |a UA 
105 |a a z 001zy 
200 1 |a Геология и геотехнология энергетических ресурсов Украины  |e сборник научных трудов  |f Академия наук Украинской ССР (АН УССР), Институт геологии и геохимии горючих ископаемых ; под ред. Э. Б. Чекалюка 
210 |a Киев  |c Наукова думка  |d 1988 
215 |a 152 с.  |c ил. 
320 |a Библиогр. в конце ст. 
606 1 |a Топливные ресурсы  |x Геология  |2 stltpush  |3 (RuTPU)RU\TPU\subj\60951  |9 78170 
606 1 |a Геотермальные месторождения  |x Разработка  |2 stltpush  |3 (RuTPU)RU\TPU\subj\6235  |9 34167 
610 1 |a энергетические ресурсы 
610 1 |a Украина 
610 1 |a геология 
610 1 |a геотехнология 
610 1 |a геотермальная энергия 
610 1 |a тепловые методы 
610 1 |a подземная газификация 
610 1 |a геотермальные скважины 
610 1 |a горнохимическое сырье 
675 |a 553.9  |v 3 
675 |a 622.3  |v 3 
702 1 |a Чекалюк  |b Э. Б.  |4 340 
712 0 2 |a Академия наук Украинской ССР (АН УССР)  |b Институт геологии и геохимии горючих ископаемых  |2 stltpush  |3 (RuTPU)RU\TPU\col\11474 
801 1 |a RU  |b 63413507  |c 20140118 
801 2 |a RU  |b 63413507  |c 20140121  |g RCR 
942 |c BK